书目信息 |
| 题名: |
电路与电磁场实验
|
|
| 作者: | 赵录怀 主编 | |
| 分册: | ||
| 出版信息: | 北京 高等教育出版社 2001.12 |
|
| 页数: | 183页 | |
| 开本: | 26cm | |
| 丛书名: | ||
| 单 册: | ||
| 中图分类: | TM13-33 | |
| 科图分类: | ||
| 主题词: | 电路理论 | |
| 电子资源: | ||
| ISBN: | 7-04-010176-9 | |
| 000 | 00570nam0 2200193 45 | |
| 001 | 0232558082 | |
| 005 | 2002061109023763 | |
| 010 | @a7-04-010176-9@b压膜@dRMB 10.70 | |
| 100 | @a20020611d2001 km y0chiy0120 ea | |
| 101 | 0 | @achi |
| 102 | @aCN@b110000 | |
| 200 | 1 | @a电路与电磁场实验@ADian Lu Yu Dian Ci Chang Shi Yan@f赵录怀主编@Fzhao lu huai zhu bian |
| 210 | @a北京@c高等教育出版社@d2001.12 | |
| 215 | @a183页@d26cm | |
| 606 | 0 | @a电路理论 |
| 690 | @aTM13-33@v3 | |
| 701 | 0 | @a赵录怀@Azhao lu huai@4主编 |
| 801 | 0 | @aCN@bPFT@c20020611 |
| 905 | @a安徽大学@dTM13-33@eZ310 | |
| 电路与电磁场实验/赵录怀主编.-北京:高等教育出版社,2001.12 |
| 183页;26cm |
| ISBN 7-04-010176-9(压膜):RMB 10.70 |
| ● |
| 相关链接 |
|
|
|
正题名:电路与电磁场实验
索取号:TM13-33/Z310
 
预约/预借
| 序号 | 登录号 | 条形码 | 馆藏地/架位号 | 状态 | 备注 |
| 1 | 359715 | 203597152 | 自科库301/404自科库 18排5列3层/ [索取号:TM13-33/Z310] | 在馆 | |
| 2 | 359716 | 203597161 | 自科库301/301自科库 6排2列1层/ [索取号:TM13-33/Z310] | 在馆 | |
| 3 | 359717 | 203597170 | 自科库301/404自科库 18排5列3层/ [索取号:TM13-33/Z310] | 在馆 | |
| 4 | 363740 | 203637403 | 自科库301/404自科库 18排5列3层/ [索取号:TM13-33/Z310] | 在馆 | |
| 5 | 363741 | 203637412 | 自科库301/301自科库 9排1列3层/ [索取号:TM13-33/Z310] | 在馆 | |
| 6 | 363742 | 203637421 | 自科库301/301自科库 9排1列3层/ [索取号:TM13-33/Z310] | 在馆 |